000 00384pab a2200169 454500
008 180718b2013 xxu||||| |||| 00| 0 eng d
100 _aAlagh, Yoginder K.
245 _aGovernance and development
260 _c2013
300 _ap.13-17.
362 _aJan
650 _aGood governance
650 _aPublic administration
773 _aYojana
908 _aN
909 _a98228
999 _c98227
_d98227